| 000 | 00944nam a22002897a 4500 | ||
|---|---|---|---|
| 001 | 9361 | ||
| 003 | FISKH | ||
| 005 | 20251212084934.0 | ||
| 008 | 251212b cb ||||| |||| 00| 0 eng d | ||
| 040 |
_aFISKH _beng _cFISKH _dFISKH |
||
| 050 | _aPZ7.R45 W | ||
| 082 | _a813 | ||
| 100 | _aReid, Suzan | ||
| 245 |
_aThe wild Toboggan ride / _c Suzan Reid ; Eugenie Fernandes |
||
| 250 | _aFirst Scholastic printing, December 1994. | ||
| 260 |
_aNew York : _bScholastic, _c1992 |
||
| 300 |
_a22 pages : _bcolor illustrations ; _c21 x 26 cm |
||
| 505 | _aN | ||
| 520 | _aThe last toboggan ride of the day becomes an adventure through town for Nicki, Grandpa Dan, and some very surprised passengers. | ||
| 521 | 8 |
_a580
_bLexile estimate |
|
| 521 | 8 |
_aN
_bRaz-Plus |
|
| 650 |
_aPicture book _vSledding snow |
||
| 650 |
_awinter _vSeasons |
||
| 700 |
_aFernandes, Eugenie _eillustrator |
||
| 942 |
_2ddc _cBK _n0 |
||
| 999 |
_c9361 _d9361 |
||